000 00684nam a2200253 a 4500
001 adlib96000001
003 ViArRB
005 200902210153555.7
008 960221s1955 dcuabcdjdbkoqu001 0deng d
020 _a81-240-0595-8
022 _a
040 _aAdlib
082 _a910.4(512.3170=M
245 _aHongkong chuvakumo?
250 _a
260 _aKottayam
_bCurrent Books
_c1998
300 _a82p.
_c
500 _a
100 _aMoorkath Nandakumar
_e
700 _a
_a
942 _cBK
653 _aHongkong - Discription and Travel
952 _w2010-06-16
_p00046511
_r2010-06-16
_40
_00
_bUL
_10
_o910.4(512.3170=M MOO
_d2010-06-16
_70
_yBK
_aUL
999 _c41856
_d41855